|
|
|
|
| LEADER |
00000nam a2200000 i 4500 |
| 001 |
1/38878 |
| 008 |
030728s2002 gre d |
| 020 |
|
|
|a 960-7643-80-1
|
| 035 |
|
|
|l 10070523
|
| 040 |
|
|
|a GR-MY-UA
|b gre
|e aacr
|
| 041 |
0 |
|
|a gre
|
| 082 |
0 |
|
|a 331.12
|
| 100 |
1 |
|
|a Δεδουσόπουλος, Απόστολος.
|
| 245 |
1 |
0 |
|a Πολιτική οικονομία της αγοράς εργασίας /
|c Απόστολος Δεδουσόπουλος
|
| 260 |
|
|
|a Αθήνα :
|b Τυπωθήτω,
|c 2002
|
| 300 |
|
|
|a τ.1
|
| 505 |
0 |
|
|a τ.1: Η προσφορά εργασίας: θεωρίες, πολιτικές και ερευνητικές αναζητήσεις
|
| 650 |
0 |
0 |
|a Labor market.
|
| 650 |
0 |
0 |
|a Labor supply.
|
| 740 |
0 |
2 |
|a Η προσφορά εργασίας
|
| 852 |
|
|
|a INST
|b RHODES
|e 20030728
|h 331.12 ΔΕΔ
|p 005400020175
|q 005400020175
|t BK
|y 0
|
| 901 |
|
|
|a BIBL4-2003-2
|
| 909 |
|
|
|a Ρ
|b 105410
|
| 922 |
|
|
|a 4ΕΛΗ
|b 200305
|c ΕΠΕΑΕΚ2/ΤΕΠΑΕΣ
|d ΠΑΠΑΣΩΤΗΡΙΟΥ
|
| 950 |
|
|
|a 096-2002-10-23
|
| 970 |
|
|
|a ΚΟΥΛΑΚΙΟΤΗ
|b ΛΙΤΣΑ
|z 2003/07/29
|